<?xml version="1.0" encoding="UTF-8"?>
<marc:record xmlns:marc="http://www.loc.gov/MARC21/slim">
   <marc:leader>00000nam a2200000 a 4500</marc:leader>
   <marc:datafield ind1="1" ind2=" " tag="100">
      <marc:subfield code="a">Hasler, Georg</marc:subfield>
      <marc:subfield code="4">aut</marc:subfield>
      <marc:subfield code="e">Verfasser/-in</marc:subfield>
   </marc:datafield>
   <marc:datafield ind1=" " ind2=" " tag="653">
      <marc:subfield code="a">Resilienz</marc:subfield>
   </marc:datafield>
   <marc:datafield ind1=" " ind2=" " tag="653">
      <marc:subfield code="a">Stress und Angst</marc:subfield>
   </marc:datafield>
   <marc:datafield ind1="0" ind2="0" tag="245">
      <marc:subfield code="a">Resilienz - Der Wir-Faktor</marc:subfield>
   </marc:datafield>
   <marc:datafield ind1="0" ind2="0" tag="245">
      <marc:subfield code="b">Gemeinsam Stress und Ängste überwinden</marc:subfield>
   </marc:datafield>
   <marc:datafield ind1="0" ind2="0" tag="245">
      <marc:subfield code="c">Georg Hasler</marc:subfield>
   </marc:datafield>
   <marc:datafield ind1=" " ind2="1" tag="264">
      <marc:subfield code="a">Stuttgart</marc:subfield>
      <marc:subfield code="b">Schattauer-Verlag</marc:subfield>
      <marc:subfield code="c">2017</marc:subfield>
   </marc:datafield>
   <marc:datafield ind1="1" ind2=" " tag="520">
      <marc:subfield code="a">Wie WIR unsere Widerstandskraft wirklich stärken können##Fragen Sie sich auch, warum wir zunehmend gestresst sind, Ängste und chronische Erschöpfung sich wie eine Epidemie verbreiten? Und das, obwohl Freizeit, Karrieremöglichkeiten und finanzielle Sicherheit in den letzten Jahrzehnten deutlich zugenommen haben! Das Buch führt vor Augen, was uns in die Stress-Krise geführt hat - und zeigt den Schlüssel, der uns auch wieder hinausführen kann: den Wir-Faktor.##Der renommierte Stress-Forscher Gregor Hasler zeigt, wie wir dem Leistungsdruck standhalten und neue Perspektiven erkennen können. Aus seiner langjährigen Erfahrung als Psychotzherapeut weiß er, welche Maßnahmen zur Stärkung der Widerstandskraft wirklich anwendbar und hilfreich sind. Dabei wird deutlich: Wenn wir den Wir-Faktor kennen und nutzen, stärken wir uns selbst und die Gesellschaft - und sind dadurch weniger angreifbar.</marc:subfield>
   </marc:datafield>
   <marc:datafield ind1=" " ind2=" " tag="020">
      <marc:subfield code="a">9783794532254</marc:subfield>
      <marc:subfield code="9">9783794532254</marc:subfield>
   </marc:datafield>
   <marc:datafield ind1=" " ind2=" " tag="300">
      <marc:subfield code="a">236 S.</marc:subfield>
   </marc:datafield>
</marc:record>
